Postoj slovenských parlamentných strán ku vzniku samostatného Kosova

Ahtisaariho plán o Kosove. Postoj politických strán k problematike nezávislosti Kosova. Stabilizácia regiónu Západného Balkánu v bezprostrednom záujme Slovenskej republiky. Vyhlásenie nezávislosti Kosova 18. februrára 2008.

Salvato in:
Dettagli Bibliografici
Autore principale: Svoreňová, Soňa
Natura: Capitolo di libro
Lingua:slovacco
Soggetti:
Tags: Aggiungi Tag
Nessun Tag, puoi essere il primo ad aggiungerne!!

MARC

LEADER 00000nla$a2200000$$$4500
001 0104363
005 20240502072137.5
041 0 |a slo 
044 |a SK 
245 1 0 |a Postoj slovenských parlamentných strán ku vzniku samostatného Kosova  |c Soňa Svoreňová 
520 |a Ahtisaariho plán o Kosove. Postoj politických strán k problematike nezávislosti Kosova. Stabilizácia regiónu Západného Balkánu v bezprostrednom záujme Slovenskej republiky. Vyhlásenie nezávislosti Kosova 18. februrára 2008. 
610 2 0 |a politika zahraničná 
610 2 0 |a vzťahy medzinárodné 
610 2 0 |a nezávislosť 
610 2 0 |a štát 
610 2 0 |a strany politické 
610 2 0 |a Slovensko 
610 2 0 |a Kosovo 
100 1 |a Svoreňová, Soňa